| 000 | 00797nam a2200193 a 4500 | ||
|---|---|---|---|
| 008 | 120416s1990 ||||||||||||||||| || u | ||
| 050 | _aIBRD(02) | ||
| 100 | _aCallier, Philippe, 1947 | ||
| 245 | 1 | 0 |
_aFinancial systems and development in Africa _cedited by Philippe Callier |
| 246 | _acollected papers from an EDI policy seminar held in Nairobi, Kenya, from January 29 to February 1, 1 | ||
| 260 |
_aWashington, D.C. _bWorld Bank _c1990 |
||
| 300 | _a: ill. | ||
| 350 | _a0.00 | ||
| 490 | _aEDI Seminar Series | ||
| 650 | _aAFRICA--ECONOMIC POLICY--CONGRESSES | ||
| 650 | _aFINANCIAL INSTITUTIONS--AFRICA--CONGRESSES | ||
| 710 | _aWorld Bank | ||
| 995 |
_D0.00 _FCBU-MAIN LIBRARY (Kitwe) _H1 _I0.00 _UAVAILABLE _ZAnnex Low-Usage Collection |
||
| 999 |
_c43447 _d43447 |
||